Sports Quiz

Random Sports or NHL Quiz

NHL Goalie Win Leaders 1980's (Top 50) Quiz Stats

 Plays Quiz not verified by Sporcle

Challenge
Share
Tweet
Embed
Score 0/50 Timer 10:00
0 Plays Today
80's Teams Played For Goalie Name % Correct
EdmontonGrant Fuhr
97.1%
NY IslandersBilly Smith
96.2%
MontrealPatrick Roy
92.1%
Edmonton & BostonAndy Moog
91.2%
PhiladelphiaRon Hextall
90%
CalgaryMike Vernon
88.7%
Buffalo & PittsburghTom Barrasso
88.3%
St. Louis & HartfordMike Liut
84.9%
Philadelphia & Boston & WashingtonPete Peeters
84.9%
NY RangersJohn Vanbiesbrouck
82.4%
NY Islanders & Los AngelesKelly Hrudey
82%
Boston & EdmontonBill Ranford
77.4%
Calgary & BostonReggie Lemelin
74.1%
PhiladelphiaPelle Lindbergh
74.1%
NY Islanders & Colorado & New Jersey & PhiladelphiaGlenn Resch
69.5%
Minnesota & WashingtonDon Beaupre
69%
NY Islanders & Vancouver & HartfordRichard Brodeur
67.4%
Montreal & St.Louis & CalgaryRick Wamsley
66.1%
ChicagoTony Esposito
66.1%
New JerseySean Burke
66.1%
Vancouver & St.Louis & NY Rangers & DetroitGlen Hanlon
64%
Toronto & PhiladelphiaKen Wregget
63.6%
Pittsburgh & Hartford & St. Louis & QuebecGreg Millen
62.8%
MinnesotaJon Casey
62.3%
Philadelphia & NY RangersBob Froese
59.8%
80's Teams Played For Goalie Name % Correct
New Jersey & VancouverKirk McLean
59.8%
Buffalo & Calgary & TorontoDon Edwards
58.6%
Buffalo & Detroit & Chicago & New JerseyBob Sauve
57.7%
Minnesota & PittsburghGilles Meloche
55.2%
Atlanta & Calgary & Quebec & WinnipegDan Bouchard
55.2%
Winnipeg & MontrealBrian Hayward
54.8%
ChicagoMurray Bannerman
54.8%
Quebec & Washington & BuffaloClint Malarchuk
53.6%
NY Islanders & Minnesota & Los AngelesRollie Melanson
51.9%
TorontoAlan Bester
51.5%
BuffaloDarren Puppa
49.4%
DetroitGreg Stefan
45.6%
Quebec & Los AngelesMario Gosselin
43.5%
Edmonton & NY Rangers & DetroitEddie Mio
41.8%
Calgary & Washington & Boston & PittsburghPat Riggin
40.2%
Buffalo & ChicagoJacques Cloutier
39.3%
New Jersey & Winnipeg & Chicago Alain Chevrier
38.1%
Los AngelesMario Lessard
36.4%
Montreal & QuebecRich Sevigny
35.6%
NY Rangers & Hartford & VancouverSteve Weeks
33.9%
Detroit & Washington & Los AngelesAl Jensen
32.6%
Hartford & Quebec & VancouverJohn Garrett
31.4%
NY Rangers & Winnipeg & MontrealDoug Soetaert
29.7%
Washington & Chicago & QuebecBob Mason
29.3%
Los Angeles & BostonDoug Keans
22.2%

You're not logged in!

Compare scores with friends on all Sporcle quizzes.
OR
Log In

You Might Also Like...

Show Comments

Extras

Top Quizzes Today


Score Distribution

Your Account Isn't Verified!

In order to create a playlist on Sporcle, you need to verify the email address you used during registration. Go to your Sporcle Settings to finish the process.

Report this User

Report this user for behavior that violates our Community Guidelines.

Details: